Lo que verdaderamente dijo Mao
Guardat en:
| Autor principal: | |
|---|---|
| Format: | Llibre |
| Idioma: | espanyol |
| Publicat: |
Madrid
Aguilar
1970
|
| Matèries: | |
| Etiquetes: |
Afegir etiqueta
Sense etiquetes, Sigues el primer a etiquetar aquest registre!
|
MARC
| LEADER | 00000nam a2200000 a 4500 | ||
|---|---|---|---|
| 001 | UCR5921 | ||
| 003 | CL-VaPUC | ||
| 008 | 980403e19700000SP |||||||||||||||||spa|d | ||
| 082 | 0 | 4 | |a 951.05 |b DEV |2 21 |
| 100 | 0 | |a Devillers, Philippe |e author |9 406880 | |
| 245 | 1 | 3 | |a Lo que verdaderamente dijo Mao |
| 300 | |a 284 p | ||
| 942 | |c BK | ||
| 945 | |d 19980403 00:00:00 |a rbrito | ||
| 260 | |a Madrid |b Aguilar |c 1970 | ||
| 650 | 0 | |a Historia |9 255047 | |
| 650 | 0 | |a Comunismo |9 255588 | |
| 650 | 0 | |a Revolución cultural |9 340386 | |
| 650 | 7 | |a NACIONALISMO |2 CL-VaPUC |9 406881 | |
| 650 | 7 | |a MARXISMO |2 CL-VaPUC |9 406882 | |
| 650 | 0 | |a Clases sociales |9 256858 | |
| 651 | 0 | |a China |9 257545 | |
| 583 | |a last modification |c 19980403 00:00:00 |k Rodrigo Vera | ||
| 999 | |c 268263 |d 268261 | ||
| 952 | |0 0 |1 0 |4 0 |6 951_050000000000000_DEV_1970 |7 0 |8 A |9 301252 |a BIBHIS |b BIBHIS |d 2019-11-20 |i 337937K |o 951.05 DEV 1970 |p 337937K |r 2025-01-20 |w 2019-11-20 |y BK |k HIS | ||